Ο αρχαίος κόσμος στα σύγχρονα αναλυτικά προγράμματα της δευτεροβάθμιας εκπαίδευσης : αφιέρωμα στην μνήμη του Αριστόξενου Σκιαδά : σεμινάριο 19

Αποθηκεύτηκε σε:
Λεπτομέρειες βιβλιογραφικής εγγραφής
Συλλογικό Έργο: Σεμινάριο Πανελλήνιας Ενωσης Φιλολόγων Αθήνα, Πανελλήνια Ένωση Φιλολόγων
Άλλοι συγγραφείς: Στασινοπούλου, Αγγελική
Μορφή: Πρακτικό Συνεδρίου Βιβλίο
Γλώσσα:Greek
Δημοσίευση: Αθήνα : Γρηγόρης, 1999
Θέματα:
Ετικέτες: Προσθήκη ετικέτας
Δεν υπάρχουν, Καταχωρήστε ετικέτα πρώτοι!

MARC

LEADER 00000cam a2200000 i 4500
001 1/10896
008 000906s1999 gr | ||| |||| ||gre||
022 |a 11052724 
035 |l 10063628 
040 |a GR-MY-UA  |b gre  |e aacr 
041 0 |a gre 
082 0 |a 488 
111 2 |a Σεμινάριο Πανελλήνιας Ενωσης Φιλολόγων  |n (19ο :  |d 1994 :  |c Αθήνα) 
245 1 2 |a Ο αρχαίος κόσμος στα σύγχρονα αναλυτικά προγράμματα της δευτεροβάθμιας εκπαίδευσης :  |b αφιέρωμα στην μνήμη του Αριστόξενου Σκιαδά : σεμινάριο 19 /  |c Αγγελική Στασινοπούλου ... [κ.α.] ; Πανελλήνια Ενωση Φιλολόγων 
260 |a Αθήνα :   |b Γρηγόρης,   |c 1999 
300 |a 142 σ.;  |c 24 cm 
650 0 0 |a Greek language, Hellenistic (300 B.C.-600 A.D.)  |x Study and teaching. 
700 1 |a Στασινοπούλου, Αγγελική. 
710 1 |a Πανελλήνια Ένωση Φιλολόγων. 
852 |a INST  |b RHODES  |e 20000906  |h 488 ΑΡΧ  |p 005400013395  |q 005400013395  |t BK  |y 0 
901 |a BIBL4-2000-2 
909 |a Ρ  |b 078534 
922 |a 4ΔΩΡ  |b 200004 
970 |z 2000/09/ΧΡΥΣΑΝΘΗ